Religion and social change among the indigenous people of the Malay Peninsula

Bibliographic Details
Main Author: Amran Kasimin (Dr)
Format: Book
Published: Kuala Lumpur : DBP , 1991
Subjects:

MARC

LEADER 00000cam a2200000 7i4500
001 0000004983
002 000005374
005 20000330.0
020 |a 9836222650 
090 0 0 |a 306.089992   |b AMR 
100 0 |a Amran Kasimin ,   |e Dr 
245 1 0 |a Religion and social change among the indigenous people of the Malay Peninsula   |c Amaran Kasimin 
260 |a Kuala Lumpur :   |b DBP ,   |c 1991 
300 |a 326p. ;   |c 22cm. 
650 0 0 |a Indigenous peoples   |z Malaysia   |x Religious aspects 
650 0 0 |a Indigenous peoples   |z Malaysia   |x Social aspects 
650 0 0 |a Social change 
999 |a 033540   |b BUKU   |c RUJUKAN   |e PERPUSTAKAAN KOMUNITI PETALING JAYA 
999 |a 038096   |b BUKU   |c PINJAMAN   |e PERPUSTAKAAN KOMUNITI PETALING JAYA